000 01103nam0a22002531 4500
001 rc\397879
005 20260407020033.0
035 _a(NLR Aleph) 005646902
090 _a6728902
_c6728902
100 _a20030616d1989 |||y0rusy50 ca
101 0 _arus
102 _aRU
105 _aa |||||||||
200 1 _aТехнология силикатных материалов
_eСб. тр.
_fГос. н.-и. и проект. ин-т силикат. бетона автоклав. твердения
_g[Редкол.: Я. Паплавскис (пред.) и др.]
210 _aТаллин
_cНИПИсиликатобетон
_d1989
215 _a122 с.
_cил.
_d20
320 _aБиблиогр. в конце ст.
702 1 _aПаплавскис
_bЯ.М.
_4340
712 0 2 _aНаучно-исследовательский и проектный ин-т силикатного бетона автоклавного твердения
_cТаллин
_3RU\NLR\AUTH\8810004702
_9506716
801 0 _aRU
_bNLR
_gpsbo
801 1 _aRU
_bELAR
_2rusmarc
852 _aNLR
_j89-3/13907
942 _cBOOK
980 _aNB